Library Banner

The grief recovery handbook: (Record no. 8096)

MARC details
000 -LEADER
fixed length control field 00554nam a2200193Ia 4500
001 - CONTROL NUMBER
control field 6528
008 - FIXED-LENGTH DATA ELEMENTS--GENERAL INFORMATION
fixed length control field 140320s9999 xx 000 0 und d
020 ## - INTERNATIONAL STANDARD BOOK NUMBER
International Standard Book Number 0-06-091586-2
040 ## - CATALOGING SOURCE
Transcribing agency PK-LaUMT
082 ## - DEWEY DECIMAL CLASSIFICATION NUMBER
Classification number 152.4
Item number JAM-G
100 ## - MAIN ENTRY--PERSONAL NAME
Personal name Cherry, Frank, Jt. Auth.
245 #4 - TITLE STATEMENT
Title The grief recovery handbook:
Remainder of title a step-by-step program for moving beyond loss.
Statement of responsibility, etc Cherry, Frank, Jt. Auth.<>James, John W.
260 ## - PUBLICATION, DISTRIBUTION, ETC. (IMPRINT)
Place of publication, distribution, etc New York,USA:
Name of publisher, distributor, etc Harper Perennial,
Date of publication, distribution, etc 1989.
300 ## - PHYSICAL DESCRIPTION
Extent 175 p.
546 ## - LANGUAGE NOTE
Language note EN
650 ## - SUBJECT ADDED ENTRY--TOPICAL TERM
Topical term or geographic name as entry element Grief
700 ## - ADDED ENTRY--PERSONAL NAME
Personal name James, John W.
942 ## - ADDED ENTRY ELEMENTS (KOHA)
Koha item type Books
Holdings
Withdrawn status Lost status Damaged status Not for loan Home library Current library Date acquired Total Checkouts Full call number Barcode Date last seen Date checked out Price effective from Koha item type
        UMT Main Campus UMT Main Campus 2014-03-20 1 152.4 JAM-G 7448 2015-06-26 2015-05-29 2014-03-20 Books